000 01026nam a2200289 a 4500
999 _c12120
_d12120
001 12120
003 BD-JhCC
005 20211129134020.0
008 210316t20142017bg a|||| ||a| 000 0 mul d
020 _a97819849076360
035 _a(BD-JhCC)12120
040 _aBD-JhCC
_dBD-JhCC
041 _amul
082 _a005.72
_bHOS 2017
100 _aহোসেন, মোঃ কামাল
245 _aমাস্টারিং ওয়েবসােইট ডেভেলপমেন্ট /
_c মোঃ কামাল হোসেন
260 _aঢাকা :
_bরানা বুকস পাবলিশার্স;
_c২০১৭.
300 _a৭১২ পৃ. :
_bচিত্রাবলী ;
_c২৪ সে.মি.
500 _a১ম খন্ড
650 _aWeb site development
650 _aWeb sites--Design
650 _aPHP (Computer program language)
650 _aWeb sites--Authoring programs
650 _aWeb publishing
942 _2ddc
_cBK
_04